| 000 -LEADER |
| fixed length control field |
00551cam a22001097a 4500 |
| 008 - FIXED-LENGTH DATA ELEMENTS--GENERAL INFORMATION |
| fixed length control field |
180718b1985 xxu||||| |||| 00| 0 eng d |
| 082 ## - DEWEY DECIMAL CLASSIFICATION NUMBER |
| Classification number |
L28x54 In2rb |
| 245 ## - TITLE STATEMENT |
| Title |
Background papers of the Committee to examine principles of a possible shift from physical to financial controls |
| Statement of responsibility, etc. |
by Ministry of Finance, Department of Economic Affairs, Economic Division |
| 260 ## - PUBLICATION, DISTRIBUTION, ETC. |
| Place of publication, distribution, etc. |
|
| Name of publisher, distributor, etc. |
Ministry of Finance, Department of Economic Affairs, Economic Affairs |
| Date of publication, distribution, etc. |
1985 |
| 300 ## - PHYSICAL DESCRIPTION |
| Extent |
98p. |
| 700 ## - ADDED ENTRY--PERSONAL NAME |
| Personal name |
India. Economic Division. Department of Economic Affairs. Ministry of Finance |